000 00290nam a2200109Ia 4500
008 230822s1999 xx 000 0 und d
041 _aeng
100 _aPARKER S.A.
245 _aPERSONAL LETTERS FOR ALL OCCASIONS WHAT SHALL I WRITE?
260 _bVMP PUB . MUMBAI
_c1999
300 _a100
999 _c856995
_d856995